书目信息 |
| 题名: |
物理光学
|
|
| 作者: | 张洪欣 , 高宁 , 车树良 编著 | |
| 分册: | ||
| 出版信息: | 北京 清华大学出版社 2010.08 |
|
| 页数: | 234页 | |
| 开本: | 23cm | |
| 丛书名: | ||
| 单 册: | ||
| 中图分类: | O436 | |
| 科图分类: | ||
| 主题词: | 物理光学--wu li guang xue | |
| 电子资源: | ||
| ISBN: | 978-7-302-23179-0 | |
| 000 | 00867nam0 2200289 450 | |
| 001 | B20110026408 | |
| 005 | 20110716131354.53 | |
| 010 | @a978-7-302-23179-0@dCNY28.00 | |
| 100 | @a20100925d2010 em y0chiy50 ea | |
| 101 | 0 | @achi |
| 102 | @aCN@b110000 | |
| 105 | @aa a 000yy | |
| 106 | @ar | |
| 200 | 1 | @a物理光学@Awu li guang xue@f张洪欣, 高宁, 车树良编著 |
| 210 | @a北京@c清华大学出版社@d2010.08 | |
| 215 | @a234页@c图@d23cm | |
| 320 | @a有书目 | |
| 330 | @a本书分为七章,内容包括光的电磁理论、光的干涉、光的衍射、光的偏振和晶体光学基础、光的量子性、现代光学基础等。 | |
| 333 | @a物理学研究人员 | |
| 586 | @a | |
| 606 | 0 | @a物理光学@Awu li guang xue |
| 690 | @aO436@v5 | |
| 701 | 0 | @a张洪欣@Azhang hong xin@4编著 |
| 701 | 0 | @a高宁@Agao ning@4编著 |
| 701 | 0 | @a车树良@Ache shu liang@4编著 |
| 801 | 0 | @aCN@c20110610 |
| 905 | @dO436@eZ110@f3 | |
| 物理光学/张洪欣, 高宁, 车树良编著.-北京:清华大学出版社,2010.08 |
| 234页:图;23cm |
| 使用对象:物理学研究人员 |
| ISBN 978-7-302-23179-0:CNY28.00 |
| 本书分为七章,内容包括光的电磁理论、光的干涉、光的衍射、光的偏振和晶体光学基础、光的量子性、现代光学基础等。 |
| ● |
| 相关链接 |
|
|
|
正题名:物理光学
索取号:O436/Z110
 
预约/预借
| 序号 | 登录号 | 条形码 | 馆藏地/架位号 | 状态 | 备注 |
| 1 | 884685 | 208846855 | 自科库401/401自科库 58排2列3层/ [索取号:O436/Z110] | 在馆 | |
| 2 | 884686 | 208846864 | 自科库401/401自科库 58排2列3层/ [索取号:O436/Z110] | 在馆 | |
| 3 | 884687 | 208846873 | 自科库401/401自科库 58排2列3层/ [索取号:O436/Z110] | 在馆 |